LEADER 00837nam 2200289 450 001 9910742684903321 005 20240221083857.0 010 $a0-471-84089-0$bHardback 100 $a21022024d1989---- 1engb zz 101 0 $aeng 102 $aUS 105 $a z 001yy 200 1 $aDictionary of biochemistry and molecular biology$fJ. Stenesh,... 205 $a2nd ed. 210 $aNew York [etc.]$cJ. Wiley & sons$d1989 215 $avii, 525 p.$d26 cm 676 $a572.03$v23$zita 700 1$aStenesh,$bJochanan$01592134 801 0$aIT$bUNINA$gRICA$2UNIMARC 901 $aBK 912 $a9910742684903321 952 $a572.03-STE-1$b438/2023$fSC1 952 $aA PAT 1915$b2075/2024$fFAGBC 959 $aSC1 959 $aFAGBC 996 $aDictionary of biochemistry and molecular biology$93908190 997 $aUNINA